30 Biggest Cities in South America - Map Quiz - Statistics

General Stats
  • This quiz has been taken 28 times
  • The average score is 23 of 30
Answers on the Map
Answers color-coded by a green-red scale on the quiz's map according to % correct below.
 
Answer Stats
Answer % Correct
Bogotá
100%
Brasília
95%
Buenos Aires
95%
Caracas
95%
Montevideo
95%
Rio de Janeiro
95%
Rosario
95%
Santiago
95%
Belém
90%
Guayaquil
90%
Lima
90%
Quito
90%
São Paulo
90%
Barranquilla
85%
Manaus
85%
Medellín
85%
Santa Cruz de la Sierra
85%
Cali
80%
Porto Alegre
80%
Maracaibo
75%
Córdoba
70%
Goiânia
65%
Fortaleza
60%
Belo Horizonte
55%
Curitiba
55%
Salvador
55%
Callao
50%
Campinas
45%
Guarulhos
35%
Recife
35%
No matching quizzes found
Score Distribution
Percent of People with Each Score
Percentile by Number Answered
Your Score History
You have not taken this quiz